00545 a2200181 4500003000500000005001700005040000900022082001500031245008600046250001200132260004500144300000900189538001100198650002000209942001200229999001900241952010300260Nust20170207164424.0 cNust a516.3’52 aElliptic curves : number theory and cryptography (E BOOK)cLawrence C. Washington a2nd ed. aBoca RatonbTaylor & Francis Groupc2008 a524p ae book aELLIPTIC CURVES 2ddccBK c208926d208926 00102ddc40708NFICaMCSbMCSd2016-12-12l0o516.3’52pMCSEB-1042r2016-12-08w2016-12-12yBK